000 00946cam a2200241 a 4500
001 000012614
005 20200929163040.0
008 030514s2003 pr a 000 0 spa d
010 _a2003460066
040 _aDO-SdBNP
_cDLC
_dDLC
_dBNPHU
042 _apcc
082 _a972.959
_bR839
245 0 3 _aEl rostro oculto de la desobediencia civil :
_btestimonios desde la cárcel /
_cCarlos Alá Santiago, concepto y entrevistas ; edición de entrevistas Josean Ramos ; ilustraciones Ernesto Peña Carambort.
260 _aPuerto Rico :
_bSociedad de Autores Libres,
_c2003.
300 _a265 p. :
_bil. ;
_c28 cm.
651 4 _aVieques (Puerto Rico{Rpara}
_xHistoria
_929336
650 4 _aResistencia civil
_zPuerto Rico
_zVieques
_xHistoria
_929337
700 1 _aAlá Santiago, Carlos.
_929338
700 1 _aRamos, Josean,
_eed.
_921308
700 1 _aPeña Carambort, Ernesto,
_eil.
_929339
910 _aCatalogación por copia / LC
049 _aBNGR
999 _c12269
_d12269